000 00312nam a2200121 a 4500
005 20140414093847.0
008 100223s19uu xx uuu eng d
050 _aCDB 784.193
_bBEL 1947
245 _aBelwin full orchestra 2003-2004.
650 _aMusic
_xStudy and teaching.
942 _cAVM
999 _c109640
_d109640